Top Scorer der 1. Bundesliga - Statistiken

Allgemein
  • Dieses Quiz wurde 98 mal gespielt
  • Das Durchschnittsergebnis liegt bei 19 aus 25
Antwortstatistiken
Platz Natio Verein Tore Spieler % Korrekt
1. Polen FC Bayern München u.Borussia Dortmund 312 Robert Lewandowski
100%
5. Deutschland FC Bayern München 150 Thomas Müller
99%
3. Deutschland Spanien VfB Stuttgart u.FC Bayern München u. VfL Wolfsburg 170 Mario Gomez
92%
2. Peru Mexiko SV Werder Bremen u. FC Bayern München u. 1.FC Köln 197 Claudio Pizarro
90%
4. Deutschland Borussia Dortmund u.Borussia Mönchengladbach 156 Marco Reus
88%
18. EnglandIrland FC Bayern München 92 Harry Kane
87%
7. Kroatien TSG 1899 Hoffenheim 136 Andrej Kramaric
86%
13. Niederlande FC Bayern München 99 Arjen Robben
86%
14. GabunFrankreich Borussia Dortmund 98 Pierre Emerick Aubameyang
86%
12. Deutschland VfB Stuttgart u.RB Leipzig 102 Timo Werner
83%
21. Frankreich FC Bayern München 86 Frank Ribery
81%
9. Deutschland SV Werder Bremen FC Bayern München u. 1.FC Kaiserslautern 121 Miroslav Klose
80%
6. Deutschland Bayer 04 Leverkusen u. 1.FC Nürnberg 144 Stefan Kießling
80%
24. Niederlande FC Schalke 04 84 Klaas-Jan Huntelaar
78%
17. Deutschland Eintracht Frankfurt 93 Alexander Meier
74%
8. Bosnien Herzogowinia USA Hertha BSC u.VfB Stuttgart u. TSG 1899 Hoffenheim u. Alemania Aachen 127 Vedad Ibisevic
70%
11. Brasilien SV Werder Bremen u.FC Schalke 04 u. Hamburger SV u. MSV Duisburg 104 Ailton
67%
22. FrankreichMartinique 1.FC Köln u. Borussia Dortmund u. TSG 1899 Hoffenheim 85 Anthony Modeste
67%
19. Deutschland SC Freiburg u. FC Bayern München u. SV Werder Bremen 89 Nils Petersen
64%
20. DeutschlandBrasilien VfB Stuttgart u.1.FC Nürnberg 88 Cacau
56%
16. Deutschland SV Werder Bremen u.1.FC Union Berlin u. VfL Wolfsburg u. Borussia Mönchengladbach u. SC Freiburg u. FC St. Pauli 97 Max Kruse
55%
15. DeutschlandElfenbeinküste FC Bayern München u.SV Werder Bremen u. TSG 1899 Hoffenheim 97 Serge Gnabry
55%
23. Deutschland Borussia Mönchengladbach u. Hannover 96 u. Karlsruher SC 85 Lars Stindl
53%
25. BrasilienDeutschland Borussia Mönchengladbach u.FC Schalke 04 u. Hertha BSC 82 Raffael
52%
10. Deutschland Panama VfB Stuttgart u.FC Schalke 04 111 Kevin Kuranyi
51%
Keine übereinstimmenden Quizze gefunden
Verteilung der Resultate
Anzahl Personen mit jedem Resultat
Perzentil nach korrekt beantworteten Fragen
Ihre Resultats-Entwicklung
Sie haben dieses Quiz noch nicht gespielt